| 000 | 00797nam a2200205 a 4500 | ||
|---|---|---|---|
| 003 | 0 | ||
| 005 | 20250523140742.0 | ||
| 008 | 021128s19uu xx 00 eng d | ||
| 050 |
_aPGS Z 103.5 _b.L294 2001 |
||
| 100 | _aLansang, Nadine Isabel Y. | ||
| 245 |
_aThe perception of readers of Harry Potter books about its readability / _cNadine Isabel Y. Lansang. |
||
| 260 |
_aLas Piñas City, Philippines : _bSouthville International School and Colleges, _c2001. |
||
| 300 |
_a23 pages : _billustrations ; _c28 cm. |
||
| 504 | _aIncludes bibliographical references. | ||
| 650 |
_aRowling, J. K. _vReadability. |
||
| 650 |
_aHarry Potter (Fictitious character) _vReadability. |
||
| 650 | _aReaders’ perception. | ||
| 650 |
_aChildren’s literature — _vReadability. |
||
| 942 |
_2lcc _cPASS |
||
| 999 |
_c96512 _d96512 |
||